Стихотворения (Запис номер 163241)
[ съкратено ]
| 000 -Лидер | |
|---|---|
| Контролно поле с фиксирана дължина | 01157nam a2200313 c 4500 |
| 003 - Код на организацията, давaща контролен номер | |
| Контролно поле | BLK |
| 005 - Дата и час на последна редакция | |
| Контролно поле | 20230401030307.0 |
| 008 - Елементи от данни с фиксирана дължина | |
| fixed length control field | 180410b bul|||||r ||||||| ||bul|| |
| 010 ## - Наследен системен номер | |
| LC control number | KNG00170646000 |
| 040 ## - Източник на каталожния запис | |
| Идентификатор на билиотеката - собственик на записа | BLK |
| 041 ## - Код за език | |
| Код за езика на текст/звукозапис или на отделно заглавие | Български |
| Код за езика КДБФ | Български |
| 080 ## - УДК | |
| Текстов определител УДК | Българска литература |
| УДК код - определител по УДК | 821.163.2 |
| УДК определител | -1 |
| УДК - код + определител | 821.163.2-1 |
| 100 1# - Редна дума - Автор | |
| Автор | Чинтулов, Добри Петров |
| Дати, свързани с автора | 1822-1886 |
| R(LIN) | 398576 |
| 139 ## - Редно поле | |
| Редна дума | Чинтулов, Добри Петров |
| Авторски знак | Чин - Ч 83 |
| 245 10 - Сведения за заглавието | |
| Заглавие | Стихотворения |
| Редно поле (дума) | Добри Петров Чинтулов; предг. от Надежда Драгова. |
| 250 ## - Област на изданието | |
| Сведения за изданието | 10. изд. |
| 257 ## - Страна на издаване | |
| Страна на създаване/издаване | България |
| 260 ## - Област на издателските данни | |
| Място на издаване, разпространение и проч. | София |
| Име на издателя, разпространителя и проч. | Бълг. писател |
| Година на издаване | 1974 |
| 300 ## - Физическа характеристика | |
| Страници | 64 с. |
| Размери/Мащаб | 20 см |
| 380 ## - Жанр | |
| Жанр | Худож. лит. |
| 490 1# - СЕРИИ (Колекции) | |
| Име на серия | Библиотека за ученика |
| 500 ## - Общи забележки | |
| Забележка | 1. изд. 1965. 30 100 тир. |
| 700 1# - Други автори (авторска отговорност) | |
| Лично име | Драгова, Надежда |
| Автороска отговорност (Описва отношението между автора и произведението) | предг. от |
| 9 (RLIN) | 369609 |
| 852 ## - Местоположение | |
| Форматна сигнатура | Цб 70089 |
| 856 4# - Електронен адрес и достъп | |
| Електронен формат | pdf - файл |
| 856 4# - Електронен адрес и достъп | |
| Електронен формат | pdf - файл |
| 999 ## - СИСТЕМНИ КОНТРОЛНИ НОМЕРА | |
| Koha biblionumber | 163241 |
| Koha biblioitemnumber | 163241 |
| 942 ## - АРТИКУЛИ | |
| Вид на библиотечния материал | Книги |
| Скрит в OPAC | Не |
| Периодичен библиозапис | Да |
| 944 ## - СЪЗДАВАНЕ И РЕДАКЦИЯ на ЗАПИСА | |
| Създаване/Редакция | Създаване |
| Дата на регистрацията/редакция | 31.01.2015 |
| Статус, дата на статуса | 31.01.2015 - от С1,Р / 31.01.2015 |
| Служител, извършил регистрацията/редакцията | Нора_Радева |
| 944 ## - СЪЗДАВАНЕ И РЕДАКЦИЯ на ЗАПИСА | |
| Създаване/Редакция | Редакция |
| Дата на регистрацията/редакция | 31.01.2015 |
| Статус, дата на статуса | 31.01.2015 - от С1,Р / 31.01.2015 |
| 944 ## - СЪЗДАВАНЕ И РЕДАКЦИЯ на ЗАПИСА | |
| Създаване/Редакция | Редакция |
| Дата на регистрацията/редакция | 2022-08-15 |
| Служител, извършил регистрацията/редакцията | Христина Везирева |
| 999 ## - СИСТЕМНИ КОНТРОЛНИ НОМЕРА | |
| Koha biblioitemnumber | 163241 |
| Код за отписване | Код за изгубен артикул | Източник на класификационната схема | Код за повреда | Коз за рестрикции | Код за отдаване | Артикулен № | Име на библиотеката - собственик | Име на библиотеката, в която се намира в момента | Статус (Текущо местоположение) | Дата на вписване в системата | Местоположение - отдел | Цена в лева | Инвентарен номер | Систематично азбучна сигнатура | Баркод | Номер на екземпляра | Цена в евро | Служебна бележка | Служебен тип на артикула | Бележка за публиката |
|---|---|---|---|---|---|---|---|---|---|---|---|---|---|---|---|---|---|---|---|---|
| Не е изгубен | Universal Decimal Classification | Не е повреден | без рестрикции | ползва се в читалня | 273327 | Регионална библиотека "Любен Каравелов" Русе | Регионална библиотека "Любен Каравелов" Русе | Хранилище | 1974-01-01 | Хранилище | 0.15 | 151073 | Цб 70089 | 120000151073 | 1 | 0.08 | Дост: Dp Вид: Д Дата: 01.01.1974 | Книги | ||
| Изтеглен | Не е изгубен | Не е повреден | без рестрикции | заемане за дома | 273328 | Регионална библиотека "Любен Каравелов" Русе | Регионална библиотека "Любен Каравелов" Русе | 1974-01-01 | Заемна - подръчен фонд | 0.15 | 151656 | П 886.7-1/Ч 83 | 151656 | 2 | 0.08 | Вид: Сф Дата: 01.01.1974 | Книги | Отч.N: 21/18 , Дата: 26.03.2018 | ||
| Изтеглен | Не е изгубен | Universal Decimal Classification | Не е повреден | без рестрикции | заемане за дома | 273329 | Регионална библиотека "Любен Каравелов" Русе | Регионална библиотека "Любен Каравелов" Русе | Детски отдел | 1974-01-01 | Детски отдел | 0.15 | 151739 | ДХ 886.7/Ч 83 | 151739 | 3 | 0.08 | Вид: Сф Дата: 01.01.1974 Дата инв: 07.10.2015 Бележки инв: Д2015 | Книги |